000 00378nam a2200157Ia 4500
005 20250521025652.0
008 240331s9999 xx 000 0 und d
020 _a9789555736336
082 _bGAL
_a302
100 _aGalappathththi,B
245 0 _aSanhuda satahan
260 _aColombo
_bUniversity Press
_c2007
300 _a150 p .,
650 _aCirtical Essays
942 _cL
999 _c5245
_d5245